[Event "Heusenstamm Schloss op"]
[Site "Heusenstamm"]
[Date "2023.11.26"]
[Round "6"]
[White "Held, Costa"]
[Black "Werner, Florin"]
[Result "1/2-1/2"]
[WhiteElo "1699"]
[BlackElo "1666"]
[PlyCount "130"]
[EventDate "2023.11.23"]
[EventType "swiss"]
[EventRounds "7"]
[EventCountry "GER"]
[SourceTitle "CB50_2023"]
[SourceDate "2023.12.13"]
[SourceVersion "1"]
[SourceVersionDate "2023.12.13"]
[SourceQuality "1"]

1. d4 d5 2. c4 c6 3. e3 Nf6 4. Nc3 Bf5 5. Nf3 e6 6. a3 a5 7. Be2 Nbd7 8. b3 Be7 9. Bb2 0-0 10. c5 b6 11. b4 Qc7 12. 0-0 Rfb8 13. Qd2 Ne4 14. Nxe4 Bxe4 15. Ne1 Bf6 16. f4 bxc5 17. bxa5 c4 18. Bc3 c5 19. Bd1 cxd4 20. exd4 Nc5 21. dxc5 Qxc5+ 22. Kh1 Bxc3 23. Qxc3 d4 24. Qc1 d3 25. Bf3 Bxf3 26. Nxf3 Rxa5 27. Ne5 Rc8 28. Qc3 f6 29. Nf3 Rb5 30. Rfb1 Rcb8 31. Rxb5 Qxb5 32. Nd2 Rc8 33. Rc1 Qd5 34. Qb4 Qd4 35. Qe7 Qe3 36. Qb7 Re8 37. Qb4 h6 38. Qc3 Rc8 39. g3 e5 40. fxe5 fxe5 41. a4 Qe2 42. Kg1 Kh8 43. Rf1 Kh7 44. a5 Qe3+ 45. Kg2 Qe2+ 46. Rf2 Qe3 47. Rf3 Qe2+ 48. Rf2 Qe3 49. a6 Qd4 50. Qxd4 exd4 51. Nxc4 Rxc4 52. a7 Ra4 53. Rd2 Rxa7 54. Rxd3 Ra4 55. Kf3 Kg6 56. Kg4 h5+ 57. Kf4 Kf6 58. h4 g6 59. Ke4 g5 60. Rxd4 Rxd4+ 61. Kxd4 Kf5 62. hxg5 Kxg5 63. Ke3 Kg4 64. Kf2 h4 65. gxh4 Kxh4 1/2-1/2

[Event "GER-ch U25-B"]
[Site "Willingen"]
[Date "2023.06.01"]
[Round "7"]
[White "Werner, Florin"]
[Black "Friemel, Tim"]
[Result "1/2-1/2"]
[WhiteElo "1678"]
[BlackElo "1692"]
[PlyCount "87"]
[EventDate "2023.05.27"]
[EventType "swiss"]
[EventRounds "9"]
[EventCountry "GER"]
[SourceTitle "CBM 214 Extra"]
[Source "ChessBase"]
[SourceDate "2023.07.31"]
[SourceVersion "1"]
[SourceVersionDate "2023.07.31"]
[SourceQuality "1"]

1. e4 c6 2. Ne2 d5 3. e5 Bf5 4. d4 e6 5. h4 h5 6. Ng3 Bg6 7. Bd3 Bf5 8. Be4 Bxe4 9. Qd2 Bd3 10. Qxd3 Be7 11. Qf3 g6 12. Qf4 Nh6 13. Nd2 Nd7 14. Nf3 c5 15. c3 Qb6 16. 0-0 Qc7 17. Ne2 Nf5 18. g3 c4 19. b4 a5 20. Qd2 Nb8 21. Bb2 a4 22. a3 Nc6 23. Nf4 Qd8 24. Nh3 Qc7 25. Kg2 Qd8 26. Bc1 Qc7 27. Qd1 b5 28. Bg5 0-0-0 29. Nf4 Kb7 30. Kh2 Rdg8 31. Ng2 Qd8 32. Qc2 Rf8 33. Ne3 Qc7 34. Nd1 Ra8 35. Nb2 Qd8 36. Kg2 Rh7 37. Rh1 Rh8 38. Rh2 Rh7 39. Kf1 Rh8 40. Re1 Rh7 41. Re2 Rh8 42. Ke1 Rh7 43. Kd1 Rh8 44. Re1 1/2-1/2

[Event "GER-chT U14"]
[Site "Kelheim"]
[Date "2022.12.27"]
[Round "1"]
[White "Werner, Florin"]
[Black "Korchynskyi, Mykola"]
[Result "0-1"]
[WhiteElo "1761"]
[BlackElo "1861"]
[PlyCount "72"]
[EventDate "2022.12.26"]
[EventType "team-swiss"]
[EventRounds "7"]
[EventCountry "GER"]
[SourceTitle "CBM 212 Extra"]
[Source "ChessBase"]
[SourceDate "2023.03.31"]
[SourceVersion "1"]
[SourceVersionDate "2023.03.31"]
[SourceQuality "1"]
[WhiteTeam "Offenbach"]
[BlackTeam "Essen Katernberg"]
[WhiteTeamCountry "GER"]
[BlackTeamCountry "GER"]

1. e4 e6 2. d4 d5 3. Nd2 c5 4. exd5 Qxd5 5. Ngf3 cxd4 6. Bc4 Qd6 7. Qe2 Nf6 8. Nb3 Nc6 9. 0-0 Be7 10. Rd1 e5 11. c3 Bg4 12. h3 Bxf3 13. gxf3 0-0 14. cxd4 exd4 15. Be3 Qd7 16. Kg2 Nh5 17. Qd2 Ne5 18. Qxd4 Qf5 19. Bd5 Ng6 20. Qg4 Nhf4+ 21. Kh1 Qe5 22. Bxb7 Rab8 23. Ba6 h5 24. Qg3 h4 25. Qh2 Bf6 26. Bxa7 Ra8 27. Bd4 Qd5 28. Bxf6 Qxf3+ 29. Kg1 Rxa6 30. Bc3 Ne2+ 31. Kf1 Ngf4 32. Nd4 Nxd4 33. Rxd4 Qe2+ 34. Kg1 Rg6+ 35. Kh1 Qf3+ 36. Qg2 Qxg2# 0-1

[Event "GER-ch Youth-B"]
[Site "Willingen"]
[Date "2022.06.11"]
[Round "9"]
[White "Werner, Florin"]
[Black "Tuerel, Tugrul"]
[Result "1/2-1/2"]
[WhiteElo "1609"]
[BlackElo "1206"]
[PlyCount "43"]
[EventDate "2022.06.04"]
[EventType "swiss"]
[EventRounds "9"]
[EventCountry "GER"]
[SourceTitle "CBM 208 Extra"]
[Source "ChessBase"]
[SourceDate "2022.07.31"]
[SourceVersion "1"]
[SourceVersionDate "2022.07.31"]
[SourceQuality "1"]

1. e4 e5 2. Nf3 Nc6 3. Bb5 a6 4. Ba4 Nf6 5. 0-0 Be7 6. Re1 b5 7. Bb3 0-0 8. c3 d6 9. h3 Na5 10. Bc2 c5 11. d4 Qc7 12. d5 c4 13. Nbd2 Nb7 14. Nf1 Nc5 15. Ng3 Re8 16. Be3 Bd7 17. Qd2 a5 18. Bxc5 Qxc5 19. a3 Rab8 20. Rac1 Qb6 21. Bd1 Rec8 22. Be2 1/2-1/2

[Event "GER-ch Youth-B"]
[Site "Willingen"]
[Date "2022.06.07"]
[Round "4"]
[White "Ruddat, Jarne"]
[Black "Werner, Florin"]
[Result "0-1"]
[WhiteElo "1415"]
[BlackElo "1609"]
[PlyCount "110"]
[EventDate "2022.06.04"]
[EventType "swiss"]
[EventRounds "9"]
[EventCountry "GER"]
[SourceTitle "CBM 208 Extra"]
[Source "ChessBase"]
[SourceDate "2022.07.31"]
[SourceVersion "1"]
[SourceVersionDate "2022.07.31"]
[SourceQuality "1"]

1. e4 e6 2. d4 d5 3. Nc3 Nf6 4. Bg5 Be7 5. e5 Nfd7 6. h4 h6 7. Bxe7 Qxe7 8. Qg4 0-0 9. f4 f6 10. 0-0-0 a6 11. Nf3 c5 12. Qh3 Nc6 13. Ne2 b5 14. g4 cxd4 15. Nexd4 Nxd4 16. exf6 Qxf6 17. Nxd4 Qxf4+ 18. Kb1 Nc5 19. Bg2 Ne4 20. Bxe4 Qxe4 21. h5 Qf4 22. Rhf1 Qd6 23. Qe3 Bd7 24. Ne2 e5 25. Qg3 Qe6 26. Rg1 d4 27. b3 b4 28. Rd3 Bb5 29. Rd2 a5 30. Re1 Qd5 31. g5 Ra6 32. Rg1 Rf7 33. Qg4 Bd7 34. Qg3 a4 35. Nc1 axb3 36. Nxb3 Ba4 37. gxh6 Rxh6 38. Qg5 Qd6 39. Re2 Re6 40. Rh2 Rh6 41. Re2 Bxb3 42. axb3 Re7 43. Rf2 d3 44. Qf5 dxc2+ 45. Kxc2 Rc7+ 46. Kb1 Rf6 47. Qxf6 Qd3+ 48. Kb2 Qc3+ 49. Kb1 Qxb3+ 50. Rb2 Qd3+ 51. Ka1 Ra7+ 52. Ra2 Qc3+ 53. Kb1 Qd3+ 54. Kc1 Rc7+ 55. Kb2 Qd4+ 0-1

[Event "GER-chT U12"]
[Site "Magdeburg"]
[Date "2021.08.08"]
[Round "7.8"]
[White "Werner, Florin"]
[Black "Dubinker, Philipp"]
[Result "0-1"]
[WhiteElo "1533"]
[BlackElo "1382"]
[PlyCount "92"]
[EventDate "2021.08.04"]
[EventType "team-swiss"]
[EventRounds "7"]
[EventCountry "GER"]
[SourceTitle "EXT 2022"]
[Source "ChessBase"]
[SourceDate "2021.10.06"]
[SourceVersion "1"]
[SourceVersionDate "2021.10.06"]
[SourceQuality "1"]
[WhiteTeam "Offenbach"]
[BlackTeam "Marburg"]
[WhiteTeamCountry "GER"]
[BlackTeamCountry "GER"]

1. e4 c6 2. d4 d5 3. exd5 cxd5 4. c4 Nf6 5. Nc3 Bf5 6. Nf3 e6 7. cxd5 Nxd5 8. Bb5+ Nc6 9. a3 Bd6 10. 0-0 0-0 11. Bg5 Qb6 12. Bxc6 bxc6 13. Qd2 Qb3 14. Nh4 Bg6 15. Nxg6 hxg6 16. Nxd5 cxd5 17. Rfc1 Rfc8 18. g3 Rab8 19. Rxc8+ Rxc8 20. Rc1 Rc4 21. Bf4 Bxf4 22. gxf4 Kf8 23. Rxc4 dxc4 24. Qb4+ Qxb4 25. axb4 Ke7 26. Kf1 Kd6 27. Ke2 Kd5 28. Ke3 a6 29. f3 f6 30. b3 cxb3 31. Kd3 b2 32. Kc2 b1Q+ 33. Kxb1 Kxd4 34. Kb2 Ke3 35. Ka3 Kxf3 36. Ka4 e5 37. fxe5 fxe5 38. Ka5 e4 39. Kxa6 e3 40. b5 e2 41. b6 e1Q 42. b7 Qa1+ 43. Kb6 Qb2+ 44. Kc7 Qxh2+ 45. Kc8 g5 46. Kd7 Qb8 0-1

[Event "GER-ch U12"]
[Site "Willingen"]
[Date "2020.10.29"]
[Round "4"]
[White "Werner, Florin"]
[Black "Korek, Jakob Alexander"]
[Result "0-1"]
[WhiteElo "1481"]
[BlackElo "1592"]
[PlyCount "108"]
[EventDate "2020.10.26"]
[EventType "swiss"]
[EventRounds "7"]
[EventCountry "GER"]
[SourceTitle "CBM 199 Extra"]
[Source "ChessBase"]
[SourceDate "2021.01.31"]
[SourceVersion "1"]
[SourceVersionDate "2021.01.31"]
[SourceQuality "1"]

1. e4 e5 2. Nf3 Nc6 3. Bb5 a6 4. Ba4 Nf6 5. 0-0 b5 6. Bb3 Bc5 7. Re1 d6 8. c3 Bb6 9. h3 h6 10. d3 0-0 11. Nbd2 Ne7 12. Nf1 Ng6 13. d4 c5 14. Ng3 Nh7 15. Qd2 exd4 16. cxd4 Ba5 17. Qe2 Bxe1 18. Qxe1 Re8 19. Be3 Qe7 20. dxc5 dxc5 21. Rc1 c4 22. Bc2 Ne5 23. Nd4 Bd7 24. Ndf5 Bxf5 25. Nxf5 Qf6 26. f4 Nc6 27. e5 Qd8 28. Qg3 g6 29. Nxh6+ Kg7 30. Nf5+ Kg8 31. Nd6 Re6 32. Rd1 Qc7 33. f5 Rxe5 34. fxg6 fxg6 35. Bh6 g5 36. h4 Qe7 37. hxg5 Rd8 38. Bxh7+ Kxh7 39. Qf4 Kg8 40. g6 Re1+ 41. Rxe1 Qxe1+ 42. Kh2 Qe5 43. Qxe5 Nxe5 44. Nb7 Rd7 45. Nc5 Rc7 46. Nxa6 Ra7 47. Nb4 Ng4+ 48. Kh3 Nxh6 49. Kh4 Kg7 50. Kg5 Rd7 51. g3 Rd4 52. Na6 Rg4+ 53. Kh5 Rxg6 54. Nc7 Rc6 0-1

[Event "GER-chT Lands U20"]
[Site "Berlin"]
[Date "2020.10.03"]
[Round "6.1"]
[White "Besou, Hussain"]
[Black "Werner, Florin"]
[Result "1/2-1/2"]
[WhiteElo "1825"]
[BlackElo "1481"]
[PlyCount "45"]
[EventDate "2020.09.29"]
[EventType "team-swiss"]
[EventRounds "7"]
[EventCountry "GER"]
[SourceTitle "CBM 198 Extra"]
[Source "ChessBase"]
[SourceDate "2020.11.30"]
[SourceVersion "1"]
[SourceVersionDate "2020.11.30"]
[SourceQuality "1"]
[WhiteTeam "Nordrhein Westfalen U20"]
[BlackTeam "Hessen U20"]
[WhiteTeamCountry "GER"]
[BlackTeamCountry "GER"]

1. b3 d5 2. Bb2 Bf5 3. Nf3 e6 4. g3 Nf6 5. Bg2 c5 6. 0-0 Nc6 7. d3 Bg6 8. Nbd2 Be7 9. c4 d4 10. a3 0-0 11. h3 Qc7 12. Rb1 Rad8 13. Ba1 h6 14. Ne1 a5 15. Nc2 b6 16. Qe1 e5 17. Rd1 Rfe8 18. Bb2 Bd6 19. Ne4 Nxe4 20. dxe4 Bh7 21. e3 Be7 22. Qe2 Bf6 23. Rd2 1/2-1/2